Представление документа в формате RUSMARC

ПолеНазваниеЗначение
  Тип записи a
  Библиографический уровень m
001 Контрольный номер RU/УОНБ/EK_INO/400167466
005 Дата корректировки 20241101134443.8
010 Индекс ISBN __
b Уточнения в пер.
100 Данные общей обработки __
a Данные общей обработки 20120905d1910 u y0gery018901 ba
101 Язык документа 0_
a Язык текста ger
102 Страна публикации __
a Страна публикации DE
105 Кодированные данные (монография) __
a Кодированные данные (монография) a z 000yy
200 Заглавие и сведения об ответственности 1_
a Заглавие Bd. 1
210 Выходные данные __
d Дата издания 1910
215 Физическое описание __
a Объем 254 S.
c Иллюстрации/тип воспроизводства Ill.
300 Общие примечания __
a Общие примечания Экз. деф.: нет тит. л.
461 Уровень набора _0
1 001RU/УОНБ/EK_INO/400166155
1 200
a Impressionismus
e ein Problem der Malerei in der Antike und Neuzeit
e [in 2 Bd.]
f W. Weisbach
v Bd. 1
1 210
a Berlin
c G. Grote`sche
d 1910
606 Тематические рубрики 0_
a Основная рубрика Импрессионизм
x Основная подрубрика Живопись
610 Ключевые слова 0_
a Ключевые слова импрессионизм
610 Ключевые слова 0_
a Ключевые слова живопись античная
686 Индексы других классификаций __
a Классификационный индекс 85.14 Нем
2 Код системы rubbk
801 Источник записи _0
a Страна RU
b Организация Ульяновская ОНБ
c Дата составления 20120905
g Правила каталогизации RCR
801 Источник записи _1
a Страна RU
b Организация Ульяновская ОНБ
c Дата составления 20120905
g Правила каталогизации RCR
901 Тип документа __
t Тип документа n
w Контрольный № источника RU/УОНБ/EK_INO/400166155
909 Создатель записи __
a Создатель записи Рязанова
938 Служебная информация __
a Имя БД ino
b Имя библиотеки УОНБ
c Имя АИБС МАРК-SQL
d Номер DOC_ID в БД 9302